00434nam a2200133Ia 4500008004100000040001800041041000800059100003200067245007000099260003700169300001700206504002900223650004800252130821s1960 ck gr spa  aCo-BoUCMbspa aspa aGil TOVAR, Franciscod1923- 3aLa España que se refleja en sus escritorescFrancisco Gil Tovar aBogotá (Colombia)bPio Xc1960 a64 páginas aIncluye índice general04aLiteratura españolaxHistoria y crítica